[Event "II Open Internacional Blitz Quart de Pob"]
[Site "Quart de Poblet, Spain"]
[Date "2019.08.10"]
[Round "6.5"]
[White "Diaz Velandia, Jose Manuel"]
[Black "Chernikov, Vladimir"]
[Result "1-0"]
[WhiteElo "2377"]
[BlackElo "2052"]
[PlyCount "83"]
[EventDate "2019.??.??"]

1. d4 {[%clk 00:07:05]  [%emt 00:00:05]} 1... c5 {[%clk 00:07:06]} 2. e3 {
[%clk 00:07:07]  [%emt 00:00:04]} 2... cxd4 {[%clk 00:07:08]} 3. exd4 {
[%clk 00:07:09]} 3... d5 {[%clk 00:07:10]} 4. Nf3 {
[%clk 00:07:11]  [%emt 00:00:07]} 4... g6 {[%clk 00:07:12]} 5. c3 {
[%clk 00:07:13]} 5... Bg7 {[%clk 00:07:14]} 6. Bd3 {
[%clk 00:07:15]  [%emt 00:00:04]} 6... Nf6 {[%clk 00:07:15]} 7. O-O {
[%clk 00:07:16]} 7... O-O {[%clk 00:07:16]} 8. Qe2 {[%emt 00:00:03]} 8... Nc6 {
[%clk 00:07:07]  [%emt 00:00:09]} 9. Ne5 {[%clk 00:07:19]  [%emt 00:00:03]}
9... Nxe5 {[%clk 00:06:21]  [%emt 00:00:49]} 10. dxe5 {
[%clk 00:07:20]  [%emt 00:00:04]} 10... Nd7 {[%clk 00:06:00]  [%emt 00:00:19]}
11. f4 {[%clk 00:07:05]  [%emt 00:00:18]} 11... Nc5 {
[%clk 00:05:57]  [%emt 00:00:12]} 12. Bc2 {[%clk 00:07:06]} 12... b6 {
[%clk 00:05:30]  [%emt 00:00:27]} 13. Rd1 {[%clk 00:06:58]  [%emt 00:00:13]}
13... Ba6 {[%clk 00:05:19]  [%emt 00:00:11]} 14. Qf2 {
[%clk 00:06:44]  [%emt 00:00:20]} 14... e6 {[%clk 00:04:57]  [%emt 00:00:22]}
15. Be3 {[%clk 00:06:43]  [%emt 00:00:10]} 15... Qc7 {
[%clk 00:04:51]  [%emt 00:00:05]} 16. Nd2 {[%clk 00:06:34]  [%emt 00:00:14]}
16... f6 {[%clk 00:04:30]  [%emt 00:00:21]} 17. exf6 {
[%clk 00:06:32]  [%emt 00:00:20]} 17... Bxf6 {[%clk 00:04:30]} 18. Nb3 {
[%clk 00:05:32]  [%emt 00:00:49]} 18... Rac8 {[%clk 00:03:35]  [%emt 00:01:00]}
19. g3 {[%clk 00:04:30]  [%emt 00:01:07]} 19... Bc4 {
[%clk 00:03:20]  [%emt 00:00:19]} 20. Qg2 {[%clk 00:04:00]  [%emt 00:00:29]}
20... e5 {[%clk 00:02:04]  [%emt 00:01:27]} 21. Nd2 {
[%clk 00:03:40]  [%emt 00:00:21]} 21... d4 {[%clk 00:01:02]  [%emt 00:01:06]}
22. Nxc4 {[%clk 00:03:19]  [%emt 00:00:20]} 22... dxe3 {
[%clk 00:01:03]  [%emt 00:00:06]} 23. fxe5 {[%clk 00:03:20]} 23... Bg5 {
[%clk 00:00:32]  [%emt 00:00:42]} 24. Nd6 {[%clk 00:02:38]  [%emt 00:00:31]}
24... Rcd8 {[%clk 00:00:21]  [%emt 00:00:17]} 25. Rf1 {
[%clk 00:02:13]  [%emt 00:00:24]} 25... Qe7 {[%clk 00:00:22]  [%emt 00:00:05]}
26. Qd5+ {[%clk 00:02:03]  [%emt 00:00:10]} 26... Kg7 {[%clk 00:00:25]} 27.
Rae1 {[%clk 00:01:40]  [%emt 00:00:27]} 27... a5 {
[%clk 00:00:11]  [%emt 00:00:19]} 28. b4 {[%clk 00:01:38]  [%emt 00:00:05]}
28... axb4 {[%clk 00:00:13]  [%emt 00:00:04]} 29. cxb4 {[%clk 00:01:41]} 29...
Nd7 {[%clk 00:00:14]  [%emt 00:00:04]} 30. Nc4 {
[%clk 00:01:17]  [%emt 00:00:21]} 30... Rxf1+ {[%clk 00:00:11]  [%emt 00:00:26]
} 31. Rxf1 {[%clk 00:01:12]  [%emt 00:00:06]} 31... e2 {[%clk 00:00:13]} 32.
Re1 {[%clk 00:01:10]} 32... Nf8 {[%clk 00:00:09]} 33. Nd6 {
[%clk 00:01:03]  [%emt 00:00:07]} 33... Be3+ {[%clk 00:00:09]  [%emt 00:00:05]}
34. Kg2 {[%clk 00:01:06]} 34... Nd7 {[%clk 00:00:06]  [%emt 00:00:04]} 35. Rxe2
{[%clk 00:01:05]  [%emt 00:00:05]} 35... Bg5 {[%clk 00:00:08]} 36. Bb3 {
[%clk 00:01:00]  [%emt 00:00:10]} 36... Bh6 {[%clk 00:00:10]  [%emt 00:00:04]}
37. a4 {[%clk 00:00:58]  [%emt 00:00:03]} 37... Nxe5 {[%clk 00:00:11]} 38. Rxe5
{[%clk 00:00:42]  [%emt 00:00:19]} 38... Qxd6 {[%clk 00:00:12]  [%emt 00:00:03]
} 39. Qf7+ {[%clk 00:00:29]  [%emt 00:00:12]} 39... Kh8 {
[%clk 00:00:13]  [%emt 00:00:17]} 40. Re7 {[%clk 00:00:23]} 40... Qc6+ {
[%clk 00:00:07]  [%emt 00:00:07]} 41. Kh3 {[%clk 00:00:19]  [%emt 00:00:04]}
41... Qc8+ {[%clk 00:00:08]  [%emt 00:00:04]} 42. Be6 {[%clk 00:00:21]} 1-0

[Event "II Open Internacional Blitz Quart de Pob"]
[Site "Quart de Poblet, Spain"]
[Date "2019.08.10"]
[Round "6.6"]
[White "Ballester Llagaria, Luis Eduardo"]
[Black "Redondo Flores, David"]
[Result "1-0"]
[WhiteElo "2291"]
[BlackElo "2009"]
[PlyCount "73"]
[EventDate "2019.??.??"]

1. e4 {[%clk 00:07:04]  [%emt 00:00:07]} 1... c5 {
[%clk 00:07:05]  [%emt 00:00:03]} 2. Nc3 {[%clk 00:07:05]} 2... a6 {
[%clk 00:07:08]} 3. Nf3 {[%clk 00:07:07]} 3... d6 {
[%clk 00:06:57]  [%emt 00:00:09]} 4. d4 {[%clk 00:07:09]  [%emt 00:00:16]} 4...
cxd4 {[%clk 00:06:59]} 5. Nxd4 {[%clk 00:07:10]} 5... Nf6 {[%clk 00:07:01]} 6.
h3 {[%clk 00:07:12]  [%emt 00:00:07]} 6... e5 {[%clk 00:07:02]} 7. Nde2 {
[%clk 00:07:14]} 7... h5 {[%clk 00:06:58]} 8. Bg5 {
[%clk 00:07:15]  [%emt 00:00:09]} 8... Be7 {[%clk 00:06:56]} 9. Bxf6 {
[%clk 00:07:16]} 9... Bxf6 {[%clk 00:06:53]  [%emt 00:00:03]} 10. Nd5 {
[%clk 00:07:18]} 10... Be6 {[%clk 00:06:38]  [%emt 00:00:15]} 11. Nec3 {
[%clk 00:06:47]  [%emt 00:00:34]} 11... Bg5 {[%clk 00:06:31]  [%emt 00:00:35]}
12. Be2 {[%clk 00:06:39]  [%emt 00:00:04]} 12... g6 {
[%clk 00:06:21]  [%emt 00:00:03]} 13. O-O {[%clk 00:06:35]} 13... Nc6 {
[%clk 00:06:23]  [%emt 00:00:04]} 14. a4 {[%clk 00:06:26]  [%emt 00:00:08]}
14... Nd4 {[%clk 00:05:58]  [%emt 00:00:30]} 15. a5 {
[%clk 00:06:25]  [%emt 00:00:04]} 15... Rc8 {[%clk 00:05:46]  [%emt 00:00:12]}
16. Bd3 {[%clk 00:06:17]  [%emt 00:00:14]} 16... O-O {
[%clk 00:05:40]  [%emt 00:00:18]} 17. Nb6 {[%clk 00:06:18]} 17... Rc6 {
[%clk 00:05:36]  [%emt 00:00:03]} 18. Ncd5 {[%clk 00:06:19]} 18... Bxd5 {
[%clk 00:04:58]  [%emt 00:00:38]} 19. exd5 {[%clk 00:06:07]  [%emt 00:00:21]}
19... f5 {[%clk 00:04:51]  [%emt 00:00:09]} 20. dxc6 {
[%clk 00:06:03]  [%emt 00:00:05]} 20... bxc6 {[%clk 00:04:34]  [%emt 00:00:30]}
21. f4 {[%clk 00:05:28]  [%emt 00:00:24]} 21... Bxf4 {
[%clk 00:04:31]  [%emt 00:00:34]} 22. Rxf4 {[%clk 00:05:29]} 22... exf4 {
[%clk 00:04:26]  [%emt 00:00:03]} 23. Bc4+ {[%clk 00:05:31]} 23... d5 {
[%clk 00:04:23]} 24. Qxd4 {[%clk 00:05:32]} 24... dxc4 {[%clk 00:04:23]} 25.
Qxc4+ {[%clk 00:05:34]} 25... Kh7 {[%clk 00:04:15]  [%emt 00:00:04]} 26. Qxf4 {
[%clk 00:05:22]  [%emt 00:00:13]} 26... Re8 {[%clk 00:04:15]  [%emt 00:00:10]}
27. Rf1 {[%clk 00:04:57]  [%emt 00:00:22]} 27... Re2 {
[%clk 00:04:12]  [%emt 00:00:07]} 28. Qc4 {[%clk 00:04:33]  [%emt 00:00:25]}
28... Qd2 {[%clk 00:03:57]  [%emt 00:00:33]} 29. Qxc6 {
[%clk 00:04:27]  [%emt 00:00:03]} 29... Qe3+ {[%clk 00:03:45]  [%emt 00:00:15]}
30. Kh1 {[%clk 00:03:56]  [%emt 00:00:44]} 30... Re1 {
[%clk 00:03:43]  [%emt 00:00:04]} 31. Qb7+ {[%clk 00:03:23]  [%emt 00:00:18]}
31... Kh6 {[%clk 00:03:29]  [%emt 00:00:18]} 32. Rxe1 {
[%clk 00:03:02]  [%emt 00:00:24]} 32... Qxe1+ {[%clk 00:03:31]  [%emt 00:00:33]
} 33. Kh2 {[%clk 00:03:04]} 33... Qe5+ {[%clk 00:03:31]} 34. g3 {
[%clk 00:03:06]} 34... Qxa5 {[%clk 00:03:24]  [%emt 00:00:08]} 35. Nc4 {
[%clk 00:02:46]  [%emt 00:00:03]} 35... Qe1 {[%clk 00:03:17]  [%emt 00:00:14]}
36. Qg2 {[%clk 00:02:43]} 36... Qb4 {[%clk 00:03:05]  [%emt 00:00:09]} 37. Qd2+
{[%emt 00:00:24]} 1-0

[Event "II Open Internacional Blitz Quart de Pob"]
[Site "Quart de Poblet, Spain"]
[Date "2019.08.10"]
[Round "6.7"]
[White "Galvan, Jesus"]
[Black "Ferrero Sanchis, Enrique"]
[Result "1-0"]
[WhiteElo "2200"]
[BlackElo "1711"]
[PlyCount "83"]
[EventDate "2019.??.??"]

1. d4 {[%clk 00:07:04]  [%emt 00:00:05]} 1... d6 {[%clk 00:07:05]} 2. c4 {
[%clk 00:07:06]} 2... g6 {[%clk 00:07:06]  [%emt 00:00:08]} 3. Nc3 {
[%clk 00:07:08]  [%emt 00:00:18]} 3... Bg7 {[%clk 00:07:08]} 4. e4 {
[%clk 00:07:10]} 4... c6 {[%clk 00:07:10]} 5. Be3 {
[%clk 00:07:07]  [%emt 00:00:08]} 5... f5 {[%clk 00:06:49]  [%emt 00:00:05]} 6.
Nge2 {[%clk 00:07:04]  [%emt 00:00:05]} 6... fxe4 {
[%clk 00:06:45]  [%emt 00:00:11]} 7. Nxe4 {[%clk 00:07:06]} 7... Nf6 {
[%clk 00:06:46]  [%emt 00:00:03]} 8. N2c3 {[%clk 00:07:05]} 8... Nxe4 {
[%clk 00:06:40]  [%emt 00:00:08]} 9. Nxe4 {[%clk 00:07:07]  [%emt 00:00:04]}
9... Bf5 {[%clk 00:06:41]  [%emt 00:00:07]} 10. Ng3 {[%clk 00:07:09]} 10... Be6
{[%clk 00:06:39]} 11. Qd2 {[%clk 00:07:09]  [%emt 00:00:03]} 11... O-O {
[%clk 00:06:31]  [%emt 00:00:08]} 12. h4 {[%clk 00:07:10]  [%emt 00:00:27]}
12... Bf7 {[%clk 00:06:12]  [%emt 00:00:08]} 13. h5 {[%clk 00:07:09]} 13... Nd7
{[%clk 00:06:12]} 14. Bd3 {[%clk 00:07:10]  [%emt 00:00:04]} 14... e5 {
[%clk 00:05:49]  [%emt 00:00:48]} 15. hxg6 {[%clk 00:07:06]} 15... hxg6 {
[%clk 00:05:48]} 16. O-O-O {[%clk 00:06:57]  [%emt 00:00:04]} 16... exd4 {
[%clk 00:05:36]  [%emt 00:00:10]} 17. Bh6 {[%clk 00:06:59]  [%emt 00:00:05]}
17... Qf6 {[%clk 00:05:19]  [%emt 00:00:12]} 18. Ne4 {
[%clk 00:06:59]  [%emt 00:00:34]} 18... Qe5 {[%clk 00:04:54]  [%emt 00:00:04]}
19. f4 {[%clk 00:06:37]  [%emt 00:00:20]} 19... Qe7 {
[%clk 00:04:31]  [%emt 00:00:23]} 20. f5 {[%clk 00:06:24]  [%emt 00:00:19]}
20... Bxc4 {[%clk 00:04:14]  [%emt 00:00:18]} 21. Bxc4+ {
[%clk 00:05:07]  [%emt 00:01:20]} 21... d5 {[%clk 00:04:03]  [%emt 00:00:16]}
22. Bxg7 {[%clk 00:05:08]  [%emt 00:00:07]} 22... Qxg7 {
[%clk 00:04:01]  [%emt 00:00:06]} 23. Bb3 {[%clk 00:02:37]  [%emt 00:02:28]}
23... Rxf5 {[%clk 00:03:58]  [%emt 00:00:06]} 24. Ng3 {
[%clk 00:02:37]  [%emt 00:00:04]} 24... Rf7 {[%clk 00:03:04]  [%emt 00:00:57]}
25. Qxd4 {[%clk 00:02:25]  [%emt 00:00:20]} 25... Qxd4 {
[%clk 00:02:54]  [%emt 00:00:07]} 26. Rxd4 {[%clk 00:02:27]  [%emt 00:00:11]}
26... Raf8 {[%clk 00:02:51]} 27. Rdh4 {[%clk 00:02:27]} 27... Rf2 {
[%clk 00:02:32]  [%emt 00:00:20]} 28. Ne4 {[%clk 00:00:33]  [%emt 00:02:27]}
28... Rf1+ {[%clk 00:02:01]  [%emt 00:00:09]} 29. Kd2 {[%clk 00:00:35]} 29...
Rxh1 {[%clk 00:02:01]  [%emt 00:00:05]} 30. Rxh1 {[%clk 00:00:37]} 30... Kg7 {
[%clk 00:01:56]  [%emt 00:00:04]} 31. Nd6 {[%clk 00:00:32]  [%emt 00:00:08]}
31... Nc5 {[%clk 00:01:53]  [%emt 00:00:08]} 32. Ke2 {
[%clk 00:00:27]  [%emt 00:00:06]} 32... b6 {[%clk 00:01:45]  [%emt 00:00:11]}
33. Bc2 {[%clk 00:00:28]  [%emt 00:00:04]} 33... Rf4 {
[%clk 00:01:22]  [%emt 00:00:20]} 34. a3 {[%clk 00:00:22]  [%emt 00:00:16]}
34... Ne6 {[%clk 00:01:10]  [%emt 00:00:14]} 35. Rd1 {
[%clk 00:00:12]  [%emt 00:00:14]} 35... Nd4+ {[%clk 00:01:05]  [%emt 00:00:10]}
36. Ke3 {[%clk 00:00:11]  [%emt 00:00:03]} 36... Nxc2+ {
[%clk 00:00:31]  [%emt 00:00:42]} 37. Kxf4 {[%clk 00:00:14]} 37... d4 {
[%clk 00:00:32]} 38. Ke5 {[%clk 00:00:13]  [%emt 00:00:07]} 38... c5 {
[%clk 00:00:29]  [%emt 00:00:04]} 39. g4 {[%clk 00:00:11]} 39... Ne3 {
[%clk 00:00:27]  [%emt 00:00:12]} 40. Rg1 {[%clk 00:00:13]  [%emt 00:00:22]}
40... a6 {[%clk 00:00:08]  [%emt 00:00:03]} 41. a4 {[%clk 00:00:15]} 41... d3 {
[%clk 00:00:06]} 42. Ke4 {[%clk 00:00:14]} 1-0

[Event "II Open Internacional Blitz Quart de Pob"]
[Site "Quart de Poblet, Spain"]
[Date "2019.08.10"]
[Round "6.8"]
[White "Martin Ayala, David"]
[Black "Palao, Adriana"]
[Result "1-0"]
[WhiteElo "2058"]
[BlackElo "1623"]
[PlyCount "221"]
[EventDate "2019.??.??"]

1. e4 {[%clk 00:07:05]} 1... e5 {[%clk 00:07:05]} 2. Nf3 {[%clk 00:07:07]} 2...
Nc6 {[%clk 00:07:07]} 3. d4 {[%clk 00:07:09]} 3... exd4 {[%clk 00:07:08]} 4.
Nxd4 {[%clk 00:07:12]} 4... Bb4+ {[%clk 00:07:09]} 5. c3 {
[%clk 00:07:12]  [%emt 00:00:16]} 5... Bc5 {[%clk 00:07:11]} 6. Be3 {
[%clk 00:07:13]} 6... Bb6 {[%clk 00:07:04]} 7. Bc4 {[%clk 00:07:08]} 7... Nf6 {
[%clk 00:07:02]  [%emt 00:00:11]} 8. Nd2 {[%clk 00:06:57]  [%emt 00:00:16]}
8... O-O {[%clk 00:06:58]} 9. O-O {[%clk 00:06:53]  [%emt 00:00:07]} 9... d5 {
[%clk 00:06:32]  [%emt 00:00:25]} 10. exd5 {[%clk 00:06:39]  [%emt 00:00:41]}
10... Nxd4 {[%clk 00:06:24]} 11. Bxd4 {[%clk 00:06:32]} 11... Bxd4 {
[%clk 00:06:24]  [%emt 00:00:07]} 12. cxd4 {[%clk 00:06:33]  [%emt 00:00:04]}
12... Nxd5 {[%clk 00:06:26]} 13. Nf3 {[%clk 00:06:25]  [%emt 00:00:06]} 13...
Bg4 {[%clk 00:06:20]  [%emt 00:00:11]} 14. h3 {[%clk 00:06:27]} 14... Bh5 {
[%clk 00:06:15]  [%emt 00:00:05]} 15. g4 {[%clk 00:06:28]  [%emt 00:00:31]}
15... Bg6 {[%clk 00:06:16]} 16. Qb3 {[%clk 00:06:24]  [%emt 00:00:03]} 16...
Nb6 {[%clk 00:04:50]  [%emt 00:01:09]} 17. Bd3 {
[%clk 00:06:25]  [%emt 00:00:10]} 17... Qd6 {[%clk 00:04:19]  [%emt 00:00:23]}
18. Bxg6 {[%clk 00:06:22]  [%emt 00:00:14]} 18... Qxg6 {
[%clk 00:04:08]  [%emt 00:00:10]} 19. Rfe1 {[%clk 00:06:19]  [%emt 00:00:05]}
19... Qh6 {[%clk 00:04:02]  [%emt 00:00:11]} 20. Kg2 {
[%clk 00:06:10]  [%emt 00:00:07]} 20... Rad8 {[%clk 00:03:39]  [%emt 00:00:32]}
21. Re7 {[%clk 00:06:04]  [%emt 00:00:10]} 21... Nd5 {[%clk 00:03:37]} 22. Re5
{[%clk 00:05:33]  [%emt 00:00:49]} 22... Nf4+ {[%clk 00:02:30]  [%emt 00:01:05]
} 23. Kg3 {[%clk 00:05:35]} 23... Qf6 {[%clk 00:00:52]  [%emt 00:01:31]} 24. g5
{[%clk 00:05:25]  [%emt 00:00:13]} 24... Nh5+ {[%clk 00:00:51]  [%emt 00:00:07]
} 25. Kh2 {[%clk 00:04:36]  [%emt 00:00:47]} 25... Qf4+ {
[%clk 00:00:50]  [%emt 00:00:13]} 26. Kg2 {[%clk 00:04:30]  [%emt 00:00:16]}
26... Rxd4 27. Nxd4 {[%clk 00:04:27]} 27... Qxe5 {[%clk 00:00:49]} 28. Nf3 {
[%clk 00:04:25]  [%emt 00:00:10]} 28... Qe4 {[%clk 00:00:42]  [%emt 00:00:05]}
29. Qe3 {[%clk 00:04:18]  [%emt 00:00:07]} 29... Qc6 {
[%clk 00:00:39]  [%emt 00:00:23]} 30. Rc1 {[%clk 00:04:15]} 30... Qd6 {
[%clk 00:00:28]  [%emt 00:00:06]} 31. Qe5 {[%clk 00:04:07]  [%emt 00:00:13]}
31... Nf4+ {[%clk 00:00:26]  [%emt 00:00:16]} 32. Kh2 {
[%clk 00:03:47]  [%emt 00:00:07]} 32... Qxe5 {[%clk 00:00:22]  [%emt 00:00:24]}
33. Nxe5 {[%clk 00:03:48]} 33... c6 {[%clk 00:00:24]} 34. Rc4 {
[%clk 00:03:38]  [%emt 00:00:17]} 34... Nd5 {[%clk 00:00:22]  [%emt 00:00:03]}
35. Nd7 {[%clk 00:03:28]  [%emt 00:00:21]} 35... Re8 {[%clk 00:00:18]} 36. Rc2
{[%clk 00:03:25]} 36... Nb4 {[%clk 00:00:13]  [%emt 00:00:08]} 37. Rc4 {
[%clk 00:03:19]  [%emt 00:00:04]} 37... Nxa2 {[%clk 00:00:12]  [%emt 00:00:04]}
38. Ra4 {[%clk 00:03:21]} 38... Nc1 {[%clk 00:00:12]  [%emt 00:00:03]} 39. Rxa7
{[%clk 00:03:24]} 39... b5 {[%clk 00:00:09]  [%emt 00:00:04]} 40. Ne5 {
[%clk 00:03:22]  [%emt 00:00:15]} 40... h6 {[%clk 00:00:05]} 41. Nxc6 {
[%clk 00:03:18]  [%emt 00:00:03]} 41... Re2 {[%clk 00:00:06]  [%emt 00:00:04]}
42. gxh6 {[%clk 00:03:05]  [%emt 00:00:12]} 42... Rxf2+ {
[%clk 00:00:08]  [%emt 00:00:18]} 43. Kg3 {[%clk 00:03:06]} 43... Rxb2 44. hxg7
{[%clk 00:03:01]  [%emt 00:00:07]} 44... Kxg7 {[%clk 00:00:10]} 45. Ne5 {
[%clk 00:03:03]} 45... Rb3+ {[%clk 00:00:08]} 46. Kg4 {
[%clk 00:03:02]  [%emt 00:00:14]} 46... Rb4+ {[%clk 00:00:05]  [%emt 00:00:03]}
47. Kf5 {[%clk 00:02:59]} 47... Rb2 {[%clk 00:00:05]} 48. Rxf7+ {
[%clk 00:03:00]  [%emt 00:00:03]} 48... Kg8 {[%clk 00:00:07]} 49. Rc7 {
[%clk 00:02:58]  [%emt 00:00:22]} 49... Rf2+ {[%clk 00:00:08]} 50. Kg5 {
[%clk 00:02:53]} 50... Ne2 {[%clk 00:00:09]} 51. Ng4 {
[%clk 00:02:37]  [%emt 00:00:14]} 51... Rg2 {[%clk 00:00:08]  [%emt 00:00:04]}
52. h4 {[%clk 00:02:25]  [%emt 00:00:12]} 52... b4 {
[%clk 00:00:11]  [%emt 00:00:29]} 53. h5 {[%clk 00:02:24]} 53... Nd4 {
[%clk 00:00:06]  [%emt 00:00:13]} 54. Rb7 {[%clk 00:02:22]} 54... Ne6+ {
[%clk 00:00:07]} 55. Kf5 {[%clk 00:02:21]} 55... Ng7+ {[%clk 00:00:09]} 56. Kf4
{[%clk 00:02:12]  [%emt 00:00:04]} 56... Nxh5+ {[%clk 00:00:08]} 57. Kf3 {
[%clk 00:02:14]} 57... Rb2 {[%clk 00:00:10]} 58. Ne3 {
[%clk 00:02:11]  [%emt 00:00:07]} 58... Nf6 {[%clk 00:00:10]} 59. Rb6 {
[%clk 00:02:07]  [%emt 00:00:05]} 59... Kf7 {[%clk 00:00:12]  [%emt 00:00:10]}
60. Nf5 {[%clk 00:02:08]} 60... Rb3+ {[%clk 00:00:13]} 61. Ke2 {[%clk 00:02:08]
} 61... Nd5 {[%clk 00:00:15]} 62. Rb7+ {[%clk 00:02:08]  [%emt 00:00:06]} 62...
Kf6 {[%clk 00:00:16]  [%emt 00:00:04]} 63. Nd4 {[%clk 00:02:10]} 63... Re3+ {
[%clk 00:00:18]} 64. Kd2 {[%clk 00:02:11]  [%emt 00:00:03]} 64... Re4 {
[%clk 00:00:09]  [%emt 00:00:11]} 65. Nc6 {[%clk 00:02:06]  [%emt 00:00:08]}
65... Kf5 {[%clk 00:00:08]  [%emt 00:00:11]} 66. Rb5 {[%clk 00:02:07]} 66...
Ke6 {[%clk 00:00:08]} 67. Kd3 {[%clk 00:02:04]  [%emt 00:00:03]} 67... Rh4 {
[%clk 00:00:07]  [%emt 00:00:07]} 68. Nd4+ {[%clk 00:02:02]  [%emt 00:00:04]}
68... Ke5 {[%clk 00:00:07]  [%emt 00:00:04]} 69. Nf3+ {[%clk 00:02:04]} 69...
Kd6 {[%clk 00:00:05]  [%emt 00:00:12]} 70. Nxh4 {
[%clk 00:02:05]  [%emt 00:00:06]} 70... Kc6 {[%clk 00:00:07]} 71. Rb8 {
[%clk 00:02:06]} 71... Kc5 {[%clk 00:00:09]} 72. Rc8+ {[%clk 00:02:06]} 72...
Kb5 {[%clk 00:00:11]} 73. Nf5 {[%clk 00:02:06]} 73... Nf4+ {[%clk 00:00:11]}
74. Kc2 {[%clk 00:02:04]  [%emt 00:00:07]} 74... Ka4 {[%clk 00:00:13]} 75. Ra8+
{[%clk 00:02:06]  [%emt 00:00:03]} 75... Kb5 {[%clk 00:00:15]} 76. Kb3 {
[%clk 00:02:07]} 76... Kc5 {[%clk 00:00:12]  [%emt 00:00:08]} 77. Rc8+ {
[%clk 00:02:08]  [%emt 00:00:08]} 77... Kb5 {[%clk 00:00:12]} 78. Rb8+ {
[%clk 00:02:10]  [%emt 00:00:03]} 78... Kc5 {[%clk 00:00:12]} 79. Rxb4 {
[%clk 00:02:08]  [%emt 00:00:04]} 79... Nd3 {[%clk 00:00:12]} 80. Rb8 {
[%clk 00:02:06]  [%emt 00:00:06]} 80... Kd5 {[%clk 00:00:08]  [%emt 00:00:07]}
81. Rd8+ {[%clk 00:02:06]  [%emt 00:00:06]} 81... Ke4 {[%clk 00:00:10]} 82.
Ng3+ {[%clk 00:02:07]  [%emt 00:00:03]} 82... Ke3 {[%clk 00:00:12]} 83. Kc3 {
[%clk 00:02:08]} 83... Nf4 {[%clk 00:00:13]} 84. Re8+ {
[%clk 00:02:03]  [%emt 00:00:09]} 84... Kf3 {[%clk 00:00:15]  [%emt 00:00:04]}
85. Nf5 {[%clk 00:02:03]} 85... Kg4 {[%clk 00:00:13]  [%emt 00:00:08]} 86. Ne3+
{[%clk 00:02:03]  [%emt 00:00:04]} 86... Kf3 {[%clk 00:00:14]} 87. Kd2 {
[%clk 00:01:57]  [%emt 00:00:07]} 87... Ng6 {[%clk 00:00:09]  [%emt 00:00:13]}
88. Re6 {[%clk 00:01:52]  [%emt 00:00:04]} 88... Nf4 {
[%clk 00:00:09]  [%emt 00:00:04]} 89. Rf6 {[%clk 00:01:52]  [%emt 00:00:07]}
89... Ke4 {[%clk 00:00:11]} 90. Ng4 {[%clk 00:01:45]  [%emt 00:00:05]} 90...
Nd5 {[%clk 00:00:08]  [%emt 00:00:10]} 91. Rd6 {
[%clk 00:01:40]  [%emt 00:00:06]} 91... Nf4 {[%clk 00:00:07]  [%emt 00:00:04]}
92. Rd8 {[%clk 00:01:38]  [%emt 00:00:03]} 92... Kf3 {
[%clk 00:00:08]  [%emt 00:00:03]} 93. Ne5+ {[%clk 00:01:39]} 93... Ke4 {
[%clk 00:00:10]  [%emt 00:00:11]} 94. Nd3 {[%clk 00:01:39]} 94... Ne6 {
[%clk 00:00:08]} 95. Re8 {[%clk 00:01:38]} 95... Kf5 {
[%clk 00:00:08]  [%emt 00:00:08]} 96. Ke3 {[%clk 00:01:38]} 96... Nc7 {
[%clk 00:00:07]  [%emt 00:00:03]} 97. Re5+ {[%clk 00:01:37]  [%emt 00:00:08]}
97... Kf6 {[%clk 00:00:08]} 98. Ra5 {[%clk 00:01:39]  [%emt 00:00:07]} 98...
Ke7 {[%clk 00:00:06]  [%emt 00:00:06]} 99. Ke4 {
[%clk 00:01:36]  [%emt 00:00:03]} 99... Kd6 {[%clk 00:00:06]} 100. Ra7 {
[%clk 00:01:29]  [%emt 00:00:05]} 100... Nb5 {[%clk 00:00:07]  [%emt 00:00:36]}
101. Ra6+ {[%clk 00:01:30]} 101... Kc7 {[%clk 00:00:07]} 102. Nb4 {
[%clk 00:01:22]} 102... Kb7 {[%clk 00:00:07]} 103. Rh6 {[%clk 00:01:22]} 103...
Kc7 {[%clk 00:00:05]} 104. Kd5 {[%clk 00:01:18]  [%emt 00:00:04]} 104... Nc3+ {
[%clk 00:00:06]  [%emt 00:00:04]} 105. Kc4 {[%clk 00:01:17]  [%emt 00:00:12]}
105... Ne4 {[%clk 00:00:07]} 106. Re6 {[%clk 00:01:14]} 106... Ng5 {
[%clk 00:00:06]  [%emt 00:00:04]} 107. Rg6 {[%clk 00:01:12]  [%emt 00:00:03]}
107... Ne4 {[%clk 00:00:08]} 108. Kd4 {[%clk 00:01:13]  [%emt 00:00:03]} 108...
Nd2 {[%clk 00:00:09]  [%emt 00:00:04]} 109. Rg3 {
[%clk 00:01:06]  [%emt 00:00:05]} 109... Kd6 {[%clk 00:00:09]  [%emt 00:00:10]}
110. Nd5 {[%clk 00:00:58]  [%emt 00:00:07]} 110... Nb3+ {
[%clk 00:00:06]  [%emt 00:00:05]} 111. Rxb3 {[%clk 00:00:59]  [%emt 00:00:04]}
1-0